Daily U.S. State Riddle #49 - Statistics

General Stats
  • This quiz has been taken 70 times
  • The average score is 32 of 36
Answer Stats
Type Answer % Correct
Alphabet Letter A
100%
Alphabet Letter E
100%
Found Letter I
100%
Found Letter N
100%
Found Letter O
100%
Alphabet Letter L
98%
Alphabet Letter M
98%
Alphabet Letter R
98%
Found Letter S
98%
Alphabet Letter T
98%
Found Letter C
97%
Alphabet Letter U
97%
Alphabet Letter H
95%
Alphabet Letter K
92%
Alphabet Letter P
92%
Alphabet Letter D
90%
Alphabet Letter F
90%
Found Letter W
90%
Alphabet Letter Y
90%
Alphabet Letter G
87%
Correctly Placed Letter S
87%
Alphabet Letter X
87%
Alphabet Letter V
84%
Alphabet Letter B
82%
Correctly Placed Letter I
82%
Alphabet Letter Z
81%
Correctly Placed Letter C
79%
Correctly Placed Letter I
79%
Alphabet Letter J
79%
Correctly Placed Letter N
79%
Correctly Placed Letter N
79%
Correctly Placed Letter O
79%
Alphabet Letter Q
79%
Correctly Placed Letter S
79%
Correctly Placed Letter W
79%
Mystery U.S. State Wisconsin
79%
No matching quizzes found
Score Distribution
Percent of People with Each Score
Percentile by Number Answered
Your Score History
You have not taken this quiz